|
|
|
|
| LEADER |
00000cam a22000004a 4500 |
| 001 |
musev2_24982 |
| 003 |
MdBmJHUP |
| 005 |
20230905042647.0 |
| 006 |
m o d |
| 007 |
cr||||||||nn|n |
| 008 |
130812s2013 meu o 00 0 eng d |
| 020 |
|
|
|a 9780816599189
|
| 020 |
|
|
|z 9780816530526
|
| 035 |
|
|
|a (OCoLC)859298494
|
| 040 |
|
|
|a MdBmJHUP
|c MdBmJHUP
|
| 100 |
1 |
|
|a McMullin, Dan Taulapapa.
|
| 240 |
1 |
0 |
|a Poems.
|k Selections
|
| 245 |
1 |
0 |
|a Coconut Milk /
|c Dan Taulapapa McMullin.
|
| 264 |
|
1 |
|a Tucson :
|b University of Arizona Press,
|c 2013.
|
| 264 |
|
3 |
|a Baltimore, Md. :
|b Project MUSE,
|c 2013
|
| 264 |
|
4 |
|c ©2013.
|
| 300 |
|
|
|a 1 online resource (80 pages).
|
| 336 |
|
|
|a text
|b txt
|2 rdacontent
|
| 337 |
|
|
|a computer
|b c
|2 rdamedia
|
| 338 |
|
|
|a online resource
|b cr
|2 rdacarrier
|
| 490 |
0 |
|
|a Sun Tracks ;
|v v. 20
|
| 505 |
0 |
|
|a J, She, and the Eel -- Sa Moana Poem Number One -- Sa Moana Poem Number Two -- Sa Moana Poem Number Three -- Sa Moana Poem Number Four -- Sa Moana Poem Number Five -- Tiki Manifesto -- 'O Kaulaiku -- The Seventh Wave -- Turtle Island Poem Number One -- Turtle Island Poem Number Two -- Turtle Island Poem Number Three -- Turtle Island Poem Number Four -- Turtle Island Poem Number Five -- Turtle Island Poem Number Six -- Turtle Island Poem Number Seven -- Turtle Island Poem Number Eight -- Turtle Island Poem Number Nine -- Turtle Island Poem Number Ten -- Turtle Island Poem Number Eleven -- Turtle Island Poem Number Twelve -- Turtle Island Poem Number Thirteen -- Turtle Island Poem Number Fourteen -- Turtle Island Poem Number Fifteen -- In Suva -- Laguna Beach Poem Number One -- Laguna Beach Poem Number Two -- Laguna Beach Poem Number Three -- Laguna Beach Poem Number Four -- Laguna Beach Poem Number Five -- Laguna Beach Poem Number Six -- A Drag Queen Named Pipi (at the Bone Bar) -- Pray -- Fa'a Fafine Poem Number One -- Fa'a Fafine Poem Number Two -- Fa'a Fafine Poem Number Three -- Fa'a Fafine Poem Number Four -- Fa'a Fafine Poem Number Five -- Fa'a Fafine Poem Number Six -- Fa'a Fafine Poem Number Seven -- Fa'a Fafine Poem Number Eight -- Fa'a Fafine Poem Number Nine -- Fa'a Fafine Poem Number Ten -- Fa'a Fafine Poem Number Eleven -- Fa'a Fafine Poem Number Twelve -- Fa'a Fafine Poem Number Thirteen -- Fa'a Fafine Poem Number Fourteen -- Fa'a Fafine Poem Number Fifteen -- Fa'a Fafine Poem Number Sixteen -- Fa'a Fafine Poem Number Seventeen -- Fa'a Fafine Poem Number Eighteen -- Fa'a Fafine Poem Number Nineteen -- Fa'a Fafine Poem Number Twenty -- Fa'a Fafine Poem Number Twenty-One -- Fa'a Fafine Poem Number Twenty-Two -- Fa'a Fafine Poem Number Twenty-Three -- Fa'a Fafine Poem Number Twenty-Four -- The Bat -- Postscript.
|
| 520 |
|
|
|a This is the first book collection of poems by the author, a contemporary queer Samoan writer and painter. His poems humorously attack cultural appropriation, gender, and the hypocrisies of Western influence in Oceania today, and pull at the stereotype of a beautiful Polynesia available for the taking.--description provided by publisher.
|
| 588 |
|
|
|a Description based on print version record.
|
| 600 |
1 |
0 |
|a McMullin, Dan Taulapapa.
|
| 650 |
|
7 |
|a Polynesians.
|2 fast
|0 (OCoLC)fst01070688
|
| 650 |
|
7 |
|a POETRY
|x General.
|2 bisacsh
|
| 650 |
|
6 |
|a Polynesiens
|v Poesie.
|
| 650 |
|
0 |
|a Polynesians
|v Poetry.
|
| 655 |
|
7 |
|a Poetry.
|2 fast
|0 (OCoLC)fst01423828
|
| 655 |
|
7 |
|a Electronic books.
|2 local
|
| 710 |
2 |
|
|a Project Muse.
|e distributor
|
| 830 |
|
0 |
|a Book collections on Project MUSE.
|
| 856 |
4 |
0 |
|z Texto completo
|u https://projectmuse.uam.elogim.com/book/24982/
|
| 945 |
|
|
|a Project MUSE - Custom Collection
|
| 945 |
|
|
|a Project MUSE - 2013 Poetry, Fiction and Creative Non-Fiction
|
| 945 |
|
|
|a Project MUSE - 2013 Complete
|